[Event "GER-chT U14 Girls"]
[Site "Neumuenster"]
[Date "2017.12.28"]
[Round "4.3"]
[White "Kessen, Fanny"]
[Black "Voigt, Anastasia"]
[Result "1-0"]
[WhiteElo "1232"]
[BlackElo "1350"]
[PlyCount "113"]
[EventDate "2017.12.26"]
[EventType "team-swiss"]
[EventRounds "7"]
[EventCountry "GER"]
[SourceTitle "CBM 182 Extra"]
[Source "ChessBase"]
[SourceDate "2018.02.23"]
[SourceVersion "1"]
[SourceVersionDate "2018.02.23"]
[SourceQuality "1"]
[WhiteTeam "Friedrichshagen"]
[BlackTeam "Halle USV"]
[WhiteTeamCountry "GER"]
[BlackTeamCountry "GER"]

1. e4 e5 2. Nf3 Nc6 3. Bc4 Bc5 4. d3 Nf6 5. c3 d6 6. Bb3 Bg4 7. h3 Bh5 8. 0-0 0-0 9. Re1 h6 10. Nbd2 d5 11. exd5 Nxd5 12. Ne4 Bb6 13. Ng3 Bxf3 14. Qxf3 Nf6 15. Nf5 Kh7 16. Qg3 g6 17. Nxh6 Kg7 18. Nf5+ Kh7 19. Qh4+ Nh5 20. Qg4 Qxd3 21. Ne3 Qd8 22. Nc4 Qf6 23. Nxb6 axb6 24. Bc2 Kh8 25. Rd1 Rfe8 26. Bg5 Qe6 27. Qxe6 fxe6 28. Bxg6 Rg8 29. Bxh5 Rxg5 30. Bg4 Rg6 31. Rd7 Rc8 32. Rad1 e4 33. Re1 Ne5 34. Re7 Nxg4 35. hxg4 Rxg4 36. Rxe6 Rcg8 37. g3 Ra8 38. a3 Ra4 39. Re7 Rc4 40. Kg2 Rg5 41. R1xe4 Rxe4 42. Rxe4 Rc5 43. Re8+ Kg7 44. Rb8 Rb5 45. b4 Rd5 46. Rxb7 Rd7 47. a4 Kf6 48. a5 bxa5 49. bxa5 Rd2 50. Rxc7 Ra2 51. Rc6+ Ke5 52. a6 Kd5 53. Rh6 Kc4 54. g4 Kxc3 55. Kg3 Kc4 56. f3 Ra3 57. g5 1-0

[Event "GER-ch U25-B"]
[Site "Willingen"]
[Date "2017.06.10"]
[Round "9"]
[White "Schulz, Paul"]
[Black "Kessen, Fanny"]
[Result "0-1"]
[WhiteElo "1001"]
[BlackElo "1129"]
[PlyCount "82"]
[EventDate "2017.06.04"]
[EventType "swiss"]
[EventRounds "9"]
[EventCountry "GER"]
[SourceTitle "CBM 178 Extra"]
[Source "ChessBase"]
[SourceDate "2017.06.22"]
[SourceVersion "1"]
[SourceVersionDate "2017.06.22"]
[SourceQuality "1"]

1. e4 c5 2. Nf3 Nc6 3. d4 cxd4 4. Nxd4 g6 5. Nc3 Bg7 6. Be3 Nf6 7. Be2 Qa5 8. Nb3 Qc7 9. Qd2 0-0 10. Bh6 d6 11. Bxg7 Kxg7 12. 0-0 Be6 13. Rad1 a6 14. Nd5 Bxd5 15. exd5 Ne5 16. f4 Neg4 17. Bxg4 Nxg4 18. f5 Qb6+ 19. Qd4+ Qxd4+ 20. Rxd4 Ne3 21. Rf2 Nxf5 22. Rd3 Rac8 23. Nd4 Nxd4 24. Rxd4 Rc7 25. c4 b5 26. cxb5 Rc1+ 27. Rf1 Rxf1+ 28. Kxf1 axb5 29. Rb4 Ra8 30. a3 Ra5 31. Ke2 Kf6 32. Re4 Ra4 33. Rxa4 bxa4 34. Kd3 Ke5 35. Kc4 e6 36. dxe6 fxe6 37. b4 axb3 38. Kxb3 d5 39. Kc2 Kd6 40. a4 Kc6 41. Kc3 e5 0-1

[Event "GER-ch U25-B"]
[Site "Willingen"]
[Date "2017.06.08"]
[Round "7"]
[White "Kessen, Fanny"]
[Black "Wagner, Margarethe"]
[Result "0-1"]
[WhiteElo "1129"]
[BlackElo "1293"]
[PlyCount "98"]
[EventDate "2017.06.04"]
[EventType "swiss"]
[EventRounds "9"]
[EventCountry "GER"]
[SourceTitle "CBM 178 Extra"]
[Source "ChessBase"]
[SourceDate "2017.06.22"]
[SourceVersion "1"]
[SourceVersionDate "2017.06.22"]
[SourceQuality "1"]

1. e4 c5 2. Nc3 a6 3. g3 b5 4. a3 Bb7 5. Bg2 e6 6. d3 Nf6 7. Be3 Be7 8. h3 0-0 9. Nce2 d5 10. e5 Nfd7 11. f4 Nc6 12. Nf3 d4 13. Bd2 Nb6 14. 0-0 Rc8 15. c3 dxc3 16. Bxc3 Qd7 17. Qc2 Nd5 18. Bd2 Rfd8 19. Rad1 b4 20. Qb3 a5 21. g4 Ra8 22. a4 Ba6 23. Nc1 Rac8 24. Rfe1 Na7 25. d4 cxd4 26. Nxd4 Bc4 27. Qg3 Bc5 28. Re4 Nc6 29. Be1 Nxd4 30. Rexd4 Qxa4 31. b3 Qa1 32. Bf2 Bxd4 33. Bxd4 Qb1 34. bxc4 Rxc4 35. Be3 Rc3 36. Bxd5 Rxd5 37. Rxd5 exd5 38. Qe1 Rc2 39. Nd3 Qxe1+ 40. Nxe1 Ra2 41. Kf1 b3 42. Nd3 b2 43. Nxb2 Rxb2 44. Bd4 Rh2 45. g5 Rxh3 46. Kf2 Rd3 47. Bb6 a4 48. Ke2 Rb3 49. Kd2 Rxb6 0-1

[Event "GER-ch U25-B"]
[Site "Willingen"]
[Date "2017.06.04"]
[Round "2"]
[White "Kessen, Fanny"]
[Black "Hoppstaedter, Daniel"]
[Result "1-0"]
[WhiteElo "1129"]
[BlackElo "911"]
[PlyCount "67"]
[EventDate "2017.06.04"]
[EventType "swiss"]
[EventRounds "9"]
[EventCountry "GER"]
[SourceTitle "CBM 178 Extra"]
[Source "ChessBase"]
[SourceDate "2017.06.22"]
[SourceVersion "1"]
[SourceVersionDate "2017.06.22"]
[SourceQuality "1"]

1. e4 e6 2. d4 d5 3. exd5 exd5 4. Nf3 Nc6 5. g3 Bg4 6. Bg2 Bxf3 7. Qxf3 Nxd4 8. Qe3+ Qe7 9. Qxe7+ Bxe7 10. Kd1 Nf6 11. Nc3 Ng4 12. Rf1 Nxh2 13. Rh1 Ng4 14. Rf1 0-0 15. Nxd5 Rfe8 16. Nxc7 Nb5 17. Nxb5 Rad8+ 18. Bd2 Bg5 19. f4 Bf6 20. c3 Ne3+ 21. Kc1 Nxf1 22. Bxf1 Re7 23. Kc2 Red7 24. Be3 a6 25. Na3 b5 26. Bh3 Rd3 27. Re1 Re8 28. Kxd3 Bd8 29. Nc2 Bc7 30. Bc5 Rd8+ 31. Nd4 Rd5 32. b4 a5 33. Bg2 Rh5 34. Re8# 1-0

[Event "GER-chT U14 Girls"]
[Site "Duesseldorf"]
[Date "2016.12.29"]
[Round "5.2"]
[White "Chung, Dana"]
[Black "Kessen, Fanny"]
[Result "1-0"]
[WhiteElo "1166"]
[BlackElo "1069"]
[PlyCount "47"]
[EventDate "2016.12.27"]
[EventType "team-swiss"]
[EventRounds "7"]
[EventCountry "GER"]
[SourceTitle "EXT 2018"]
[Source "ChessBase"]
[SourceDate "2017.10.13"]
[SourceVersion "1"]
[SourceVersionDate "2017.10.13"]
[SourceQuality "1"]
[WhiteTeam "Karlsruhe SF"]
[BlackTeam "Friedrichshagen"]
[WhiteTeamCountry "GER"]
[BlackTeamCountry "GER"]

1. d4 d5 2. c4 e6 3. Nc3 Nd7 4. Nf3 c5 5. cxd5 exd5 6. Nxd5 b6 7. Bf4 Bb7 8. Nc3 cxd4 9. Nxd4 Nc5 10. e3 Nf6 11. Nf3 Nce4 12. Bb5+ Nd7 13. 0-0 Bb4 14. Nxe4 Bxe4 15. Qd4 Bxf3 16. gxf3 Bc5 17. Qxg7 Rf8 18. Qe5+ Be7 19. Rad1 Rg8+ 20. Kh1 a6 21. Bxd7+ Kf8 22. Bc6 Qc8 23. Bh6+ Rg7 24. Qxg7# 1-0

[Event "GER-chT U14 Girls"]
[Site "Magdeburg"]
[Date "2015.12.28"]
[Round "3.3"]
[White "Wittich, Carlotta"]
[Black "Kessen, Fanny"]
[Result "1-0"]
[WhiteElo "864"]
[BlackElo "860"]
[PlyCount "109"]
[EventDate "2015.12.27"]
[EventType "team-swiss"]
[EventRounds "7"]
[EventCountry "GER"]
[SourceTitle "EXT 2017"]
[Source "ChessBase"]
[SourceDate "2016.10.25"]
[SourceVersion "1"]
[SourceVersionDate "2016.10.25"]
[SourceQuality "1"]
[WhiteTeam "Hamburger SK"]
[BlackTeam "Berlin Schachunion"]
[WhiteTeamCountry "GER"]
[BlackTeamCountry "GER"]

1. e4 c5 2. Nf3 Nc6 3. d4 cxd4 4. Nxd4 g6 5. Bf4 Bg7 6. c3 d6 7. Nf3 Nf6 8. Bc4 0-0 9. 0-0 Nxe4 10. Re1 Nf6 11. Nbd2 Qb6 12. b3 Ng4 13. Qe2 Nce5 14. h3 Nxf3+ 15. Nxf3 Nh6 16. Qd2 Nf5 17. g4 Nh6 18. Bxh6 Qc5 19. Bxg7 Kxg7 20. Qd4+ Qxd4 21. cxd4 b6 22. Rxe7 Be6 23. Bxe6 Kf6 24. Re1 Rae8 25. Rxe8 Rxe8 26. Bc4 Rc8 27. a4 h5 28. gxh5 gxh5 29. Re4 Kf5 30. Re7 Kf6 31. Rxa7 Rg8+ 32. Kh2 Rg7 33. Ra6 Kf5 34. Rxb6 Kf4 35. Bd5 f5 36. Rb7 Rxb7 37. Bxb7 d5 38. Bxd5 h4 39. Nxh4 Kg5 40. Nxf5 Kxf5 41. a5 Kf4 42. a6 Kg5 43. a7 Kh4 44. a8Q Kg5 45. b4 Kf4 46. b5 Kf5 47. b6 Kg5 48. b7 Kf4 49. b8R Kf5 50. Re8 Kg5 51. Qa7 Kf4 52. Qf7+ Kg5 53. Rg8+ Kh6 54. Qe7 Kh5 55. Qh7# 1-0

[Event "GER-chT U10"]
[Site "Magdeburg"]
[Date "2014.12.29"]
[Round "6.3"]
[White "Kessen, Fanny"]
[Black "Rajchel, Arian"]
[Result "0-1"]
[WhiteElo "942"]
[BlackElo "1149"]
[PlyCount "70"]
[EventDate "2014.12.27"]
[EventType "team-swiss"]
[EventRounds "7"]
[EventCountry "GER"]
[SourceTitle "EXT 2016"]
[Source "ChessBase"]
[SourceDate "2015.10.08"]
[SourceVersion "1"]
[SourceVersionDate "2015.10.08"]
[SourceQuality "1"]
[WhiteTeam "Berlin Schachunion"]
[BlackTeam "Erfurt Empor"]
[WhiteTeamCountry "GER"]
[BlackTeamCountry "GER"]

1. e4 e5 2. Nf3 Nc6 3. Bc4 Nf6 4. Nc3 Bc5 5. 0-0 d6 6. d3 Bg4 7. Bg5 h6 8. Bd2 Nd4 9. Qc1 Nxf3+ 10. Kh1 Nxd2 11. Qxd2 Be6 12. Bb5+ c6 13. Bc4 d5 14. exd5 cxd5 15. Bb5+ Bd7 16. Bxd7+ Qxd7 17. Rae1 Qe6 18. Nb5 0-0-0 19. b4 Bb6 20. Qc3+ Qc6 21. Qxc6+ bxc6 22. Nc3 Rhe8 23. Na4 e4 24. dxe4 dxe4 25. c4 Rd2 26. c5 Bc7 27. Nc3 Rc2 28. Ne2 Rxa2 29. Nc3 Rc2 30. Nd1 Nd5 31. f3 e3 32. g3 e2 33. Rg1 exd1Q 34. Rxd1 Ree2 35. f4 Rxh2# 0-1

[Event "GER-chT U10"]
[Site "Magdeburg"]
[Date "2014.12.28"]
[Round "3.3"]
[White "Stowicek, Yara Mathilda"]
[Black "Kessen, Fanny"]
[Result "1-0"]
[WhiteElo "845"]
[BlackElo "942"]
[PlyCount "75"]
[EventDate "2014.12.27"]
[EventType "team-swiss"]
[EventRounds "7"]
[EventCountry "GER"]
[SourceTitle "EXT 2016"]
[Source "ChessBase"]
[SourceDate "2015.10.08"]
[SourceVersion "1"]
[SourceVersionDate "2015.10.08"]
[SourceQuality "1"]
[WhiteTeam "Halle Volksbank"]
[BlackTeam "Berlin Schachunion"]
[WhiteTeamCountry "GER"]
[BlackTeamCountry "GER"]

1. e4 e5 2. Nf3 Nc6 3. Bc4 g6 4. d3 Bg7 5. Ng5 b6 6. Nxf7 Qe7 7. Nxh8 Bxh8 8. Bxg8 Bb7 9. Bh6 0-0-0 10. Bd5 Bf6 11. Qd2 Qe8 12. Nc3 Kb8 13. 0-0-0 Qe7 14. Rhf1 Qc5 15. Qe3 Qd6 16. a3 Ba6 17. Bc4 Bb7 18. f4 Na5 19. fxe5 Bxe5 20. Bg5 Re8 21. Nb5 Qc6 22. Nd4 Qc5 23. Nf3 Qd6 24. Nxe5 Qxe5 25. Qf4 Qh8 26. Qf6 Qxf6 27. Rxf6 Nc6 28. Rdf1 Rc8 29. Rf8 Nd4 30. Rxc8+ Bxc8 31. Bd8 Ne2+ 32. Kd2 d5 33. exd5 Bg4 34. h3 Ng3 35. Rf4 Bd7 36. Ba6 Bc8 37. Rf8 Nf1+ 38. Kc3 1-0